| 000 | 01079nam a2200313 i 4500 | ||
|---|---|---|---|
| 001 | bg | ||
| 003 | BPK | ||
| 005 | 20210809141203.0 | ||
| 008 | 011214s1996 uk a f 001 0 eng d | ||
| 020 | _a0582089077 | ||
| 040 | _cBPK | ||
| 080 | _a372.881.111.1 | ||
| 080 | _a372.881.1 | ||
| 100 | 1 |
_aMcNamara, Timothy Francis _d(1949- ). |
|
| 245 | 1 | 0 |
_aMeasuring second language performance / _cTim McNamara. |
| 260 |
_aLondon ; _aNew York : _bLongman, _c1996. |
||
| 300 |
_aXIII, [1], 323 s. : _bil. ; _c22 cm. |
||
| 490 | 1 | _aApplied Linguistics and Language Study | |
| 504 | _aBibliogr. s. 295-314. Indeks. | ||
| 650 | 9 | _aNauczanie języków obcych | |
| 650 | 9 | _aJęzyk angielski | |
| 650 | 9 | _aEgzaminy | |
| 658 | _aJęzykoznawstwo | ||
| 710 | 2 |
_aLongman (London) _4pbl. |
|
| 830 | 0 | _aApplied Linguistics and Language Study | |
| 856 |
_uhttp://koha.tu.koszalin.pl/cgi-bin/koha/opac-detail.pl?biblionumber=40270 _yKatalog online BPK |
||
| 942 |
_cKS _2UKD |
||
| 999 |
_c40270 _d40270 |
||